| 000 | 00000nam##2200000za#4500 |
| 001 | 9.581195 |
| 003 | CaOODSP |
| 005 | 20210624191413 |
| 007 | cr ||||||||||| |
| 008 | 150406|2006||||xxc|||||o f|0| 0 eng|d |
| 040 | |aCaOODSP|beng |
| 043 | |an-cn--- |
| 086 | 1 |aNH18-22/106-104E-PDF |
| 110 | 2 |aCanada Mortgage and Housing Corporation. |
| 245 | 10|aHousehold environmental monitoring : |h[electronic resource]|ba strategy to help homeowners reduce their environmental impact |
| 250 | |aRevised 2010 |
| 260 | |aOttawa - Ontario : |bCanada Mortgage and Housing Corporation |cc2006, 2010. |
| 300 | |a6p.|btables |
| 490 | 1 |aResearch highlight. Technical series|v06-104 |
| 500 | |aFile reproduced from original print. |
| 590 | |a14-20-Supp|b2014-11-25 |
| 775 | 08|tSuivi environnemental des ménages : |w(CaOODSP)9.608041 |
| 830 | #0|aResearch highlight. Technical series ;|v06-104|w(CaOODSP)9.504482 |
| 856 | 40|ahttp://publications.gc.ca|qPDF|s188 KB|uhttps://publications.gc.ca/collections/collection_2014/schl-cmhc/NH18-22-106-104-eng.pdf|y06-104 |